Rgveda Samhiteya Vaidikavyakarna Prakriya Part 4 (Record no. 1350)

MARC details
000 -LEADER
fixed length control field 00342nam a22001217a 4500
008 - FIXED-LENGTH DATA ELEMENTS--GENERAL INFORMATION
fixed length control field 260429b |||||||| |||| 00| 0 eng d
082 ## - DEWEY DECIMAL CLASSIFICATION NUMBER
Classification number 002010
100 ## - MAIN ENTRY--PERSONAL NAME
Personal name Ramanujan, P
245 ## - TITLE STATEMENT
Title Rgveda Samhiteya Vaidikavyakarna Prakriya Part 4
260 ## - PUBLICATION, DISTRIBUTION, ETC.
Place of publication, distribution, etc. Bnagalore
Name of publisher, distributor, etc. Parankushachar Institute of Vedic Studies.
Date of publication, distribution, etc. 2021
300 ## - PHYSICAL DESCRIPTION
Extent 274p
942 ## - ADDED ENTRY ELEMENTS (KOHA)
Source of classification or shelving scheme Dewey Decimal Classification
Holdings
Withdrawn status Lost status Source of classification or shelving scheme Damaged status Not for loan Home library Current library Shelving location Date acquired Source of acquisition Inventory number Total Checkouts Full call number Barcode Date last seen Price effective from Koha item type
    Dewey Decimal Classification     Karnataka Samskrit University Library Karnataka Samskrit University Library General Stacks 06/12/2025 Parankushachar Institute of Vedic Studies. 001   002010 002010 04/29/2026 04/29/2026 Books
    Dewey Decimal Classification     Karnataka Samskrit University Library Karnataka Samskrit University Library General Stacks 06/12/2025 Parankushachar Institute of Vedic Studies. 001   002010 002011 04/29/2026 04/29/2026 Books

Powered by Koha